| 000 | 00709nam a22002657a 4500 | ||
|---|---|---|---|
| 001 | 0155 | ||
| 003 | DO-SdBNP | ||
| 005 | 20180130112826.0 | ||
| 007 | 0155 | ||
| 008 | 151005b 2007 ec 00| 0 spa d | ||
| 020 | _a9789978490426 | ||
| 040 |
_aBPMSU _bspa _cBPMSU |
||
| 092 |
_aXXXX _bXXXX |
||
| 245 | 0 | 0 |
_aLazarillo de Tormes / _cAnónimo ; ilustración Nelson Jácome |
| 250 | _a2a. ed. | ||
| 260 |
_aQuito, Ecuador : _bLibresa, _c2007. _g2a. reimpr |
||
| 300 |
_a44 p. : _bil. _c21 cm. |
||
| 490 | 1 | _aClásicos de siempre | |
| 700 | 1 | 2 |
_aJácome, Nelson _eil. |
| 830 | 0 | _aClásicos de siempre | |
| 910 | _a202 | ||
| 942 |
_2ddc _cBK |
||
| 945 | _aInventariado, 2018/ YL | ||
| 956 |
_aYngrid Lockward _b10 _cBPMSU |
||
| 999 |
_c9168 _d9168 |
||